000 00663nam a2200241Ia 4500
003 OSt
005 20220926013649.0
006 a|||||r|||| 00| 0
007 ta
008 220923b |||||||| |||| 00| 0 eng d
020 _a0471040290
037 _cGeneral Book
040 _aRTL
_cRTL
_beng
041 _2eng
_aeng
082 _aX:514, L8
100 _aBrownstone David M
_9318764
245 0 _aSuccessful selling skills for small business
260 _aNew York
_bJohn Wiley
_c1978
300 _aviii,112p
_ccm.
650 _aSalesmanship
_9229886
942 _hX:514, L8
_cGB
_2CC
999 _c626492
_d626492